| 000 | 00533nam a2200193Ia 4500 | ||
|---|---|---|---|
| 999 |
_c10528 _d10528 |
||
| 003 | OSt | ||
| 005 | 20191230130025.0 | ||
| 008 | 190216s9999||||xx |||||||||||||| ||und|| | ||
| 020 | _a9780198776390 | ||
| 040 | _coclc | ||
| 082 |
_a330.1 _bLIP/P |
||
| 100 |
_aLipsey _9902 |
||
| 245 | 0 |
_aPrinciples Of Economics / _cLipsey ; Chrystal |
|
| 250 | _a9th ed. | ||
| 260 |
_bOxford University Press, _c1999. _aNew York: |
||
| 300 | _a640p | ||
| 650 | _aEconomics | ||
| 942 |
_cBK _2ddc _h330.1 _iLIP/P _k330.1 _mLIP/P |
||